LEADER 01163nam a22002651i 4500 001 991002073349707536 005 20040223134957.0 008 040407s1990 it a||||||||||||||||ita 035 $ab12866714-39ule_inst 035 $aARCHE-084633$9ExL 040 $aDip.to Scienze Storiche$bita$cA.t.i. Arché s.c.r.l. Pandora Sicilia s.r.l. 082 04$a914.51 245 00$aInterpretare una regione :$bgeografia del Piemonte che cambia : seminario organizzato dalla AIIG, Associazione Italiana Insegnanti di Geografia, sezione Piemonte /$ca cura di Carla Lanza Dematteis ; scritti di R. Allio ... [et al.] ; introduzione di G. Quazza 260 $aTorino :$bLibreria Cortina,$c1990 300 $a170 p. :$bill. ;$c25 cm 651 4$aPiemonte$xGeografia 700 1 $aAllio, Renata 700 1 $aLanza Dematteis, Carla 700 1 $aQuazza, Guido 907 $a.b12866714$b02-04-14$c16-04-04 912 $a991002073349707536 945 $aLE009 GEOG.14.411-12$g1$i2009000163508$lle009$o-$pE0.00$q-$rl$s- $t0$u0$v0$w0$x0$y.i13427520$z16-04-04 996 $aInterpretare una regione$9302961 997 $aUNISALENTO 998 $ale009$b16-04-04$cm$da $e-$fita$git $h0$i1 LEADER 01194nam a2200337 i 4500 001 991001200049707536 008 050905s2005 riu b 001 0 eng d 020 $a0821836412 035 $ab13335625-39ule_inst 040 $aDip.to Matematica$beng 082 04$a512.73$222 084 $aAMS 11M 084 $aAMS 11R 084 $aAMS 22E 084 $aAMS 11S 084 $aLC QA246.M76 100 1 $aMoreno, Carlos Julio$0622663 245 10$aAdvanced analytic number theory :$bL-functions /$cCarlos Julio Moreno 260 $aProvidence, R.I. :$bAmerican Mathematical Society,$c2005 300 $axx, 291 p. ;$c27 cm 440 0$aMathematical surveys and monographs,$x0076-5376 ;$v115 504 $aIncludes bibliographical references (p. 283-290) and index 650 0$aL-functions 650 0$aAlgebraic number theory 650 0$aLie groups 907 $a.b13335625$b21-09-06$c05-09-05 912 $a991001200049707536 945 $aLE013 11M MOR11 (2005)$g1$i2013000290829$lle013$op$pE64.48$q-$rl$s- $t0$u2$v0$w2$x0$y.i14132643$z05-10-05 996 $aAdvanced analytic number theory$91092710 997 $aUNISALENTO 998 $ale013$b05-09-05$cm$da $e-$feng$griu$h0$i0